Harry Potter - Composition des baguettes - Statistiques

Statistiques générales
  • Ce quiz a été pris 19 fois
  • Le résultat moyen est 14 sur 42
Statistiques - réponses
Personnages Matériaux Composition % Correct
Coeur Plume de phénix
100%
Coeur Plume de phénix
71%
Coeur Ventricule de dragon
71%
Harry Potter Bois Houx
57%
Albus Dumbledore Bois Sureau
50%
Coeur Crin de licorne
43%
Coeur Ventricule de dragon
43%
Coeur Ventricule de dragon
43%
Coeur Crin de licorne
36%
Voldemort Bois If
36%
Coeur Nerf de dragon
36%
Ron Weasley 2ème baguette Bois Saule
36%
Lily Potter Bois Saule
36%
Coeur Ventricule de dragon
36%
Coeur Ventricule de dragon
36%
Coeur Ventricule de dragon
36%
Coeur Ventricule de dragon
36%
Coeur Ventricule de dragon
36%
Hermione Granger Bois Vigne
36%
Drago Malfoy Bois Aubépine
29%
Dolores Ombrage Bois Bouleau
29%
Coeur Crin de licorne
29%
Coeur Crin de licorne
29%
Coeur Crin de sombral
29%
Hagrid Bois Chêne
29%
Bellatrix Lestrange Bois Noyer
29%
Fleur Delacour Bois Rose
29%
Coeur Cheveu de vélane
21%
Coeur Crin de licorne
21%
Coeur Crin de licorne
21%
Ginny Weasley Bois If
21%
Ron Weasley 1ère baguette Bois Frêne
21%
Cédric Diggory Bois Frêne
21%
Minerva McGonagall Bois Sapin
21%
James Potter Bois Acajou
14%
Neville Londubat Bois Cerisier
14%
Gilderoy Lockhart Bois Cerisier
14%
Viktor Krum Bois Charme
14%
Garrick Ollivanders Bois Charme
14%
Peter Pettigrow Bois Châtaignier
14%
Rémus Lupin Bois Cyprès
14%
Lucius Malfoy Bois Orme
14%
Aucun quiz correspondant
Distribution des résultats
% des personnes avec chaque résultat
Percentile par nombre de réponses
Votre historique - résultats
Vous n’avez pas pris ce quiz